| 000 | 00366nam a2200145Ia 4500 | ||
|---|---|---|---|
| 008 | 210210b1971 xxu||||| |||| 00| 0 eng d | ||
| 082 | _a262.135092 DESI | ||
| 100 | _aDE SOUZA (Bento S). | ||
| 245 | _aIndia's first cardinal. | ||
| 260 |
_aBombay _bExaminer Press _c1971 |
||
| 300 | _aix,250 | ||
| 650 | _aIndia Cardinal | ||
| 690 | _aChristianity | ||
| 906 | _a029077 | ||
| 999 |
_c80304 _d80304 |
||